Unclaimed Moneys Act 1965 (Revised -1989) (Act 370) : (Record no. 4694)

000 -LEADER
fixed length control field nam a22 a 4500
003 - CONTROL NUMBER IDENTIFIER
control field AKMAL
005 - DATE AND TIME OF LATEST TRANSACTION
control field 20170728112710.0
008 - FIXED-LENGTH DATA ELEMENTS--GENERAL INFORMATION
fixed length control field 170728s2017 my | e l 000 0 eng d
020 ## - INTERNATIONAL STANDARD BOOK NUMBER
Terms of availability RM 20.00
082 04 - DEWEY DECIMAL CLASSIFICATION NUMBER
Classification number 343.595032 MAL
Edition number 22
090 00 - LOCALLY ASSIGNED LC-TYPE CALL NUMBER (OCLC); LOCAL CALL NUMBER (RLIN)
Classification number (OCLC) (R) ; Classification number, CALL (RLIN) (NR) 343.595032
Local cutter number (OCLC) ; Book number/undivided call number, CALL (RLIN) MAL
110 1# - MAIN ENTRY--CORPORATE NAME
Corporate name or jurisdiction name as entry element Malaysia
9 (RLIN) 400
240 10 - UNIFORM TITLE
Uniform title Akta Wang Tak Dituntut, 1965.
Language of a work English
245 10 - TITLE STATEMENT
Title Unclaimed Moneys Act 1965 (Revised -1989) (Act 370) :
Remainder of title (As at January 2003) /
Statement of responsibility, etc. compiled by Legal Research Board
260 ## - PUBLICATION, DISTRIBUTION, ETC.
Place of publication, distribution, etc. Kuala Lumpur :
Name of publisher, distributor, etc. MDC Publishers Sdn. Bhd,
Date of publication, distribution, etc. 2017
300 ## - PHYSICAL DESCRIPTION
Extent 16p. ;
Dimensions 24cm.
650 10 - SUBJECT ADDED ENTRY--TOPICAL TERM
Topical term or geographic name entry element Money
General subdivision Law and legislation
Geographic subdivision Malaysia
9 (RLIN) 8486
710 2# - ADDED ENTRY--CORPORATE NAME
Corporate name or jurisdiction name as entry element Lembaga Penyelidikan Undang-Undang
9 (RLIN) 9009
942 ## - ADDED ENTRY ELEMENTS (KOHA)
Source of classification or shelving scheme
Koha item type Book
Holdings
Withdrawn status Lost status Source of classification or shelving scheme Damaged status Not for loan Collection code Home library Current library Shelving location Date acquired Inventory number Total Checkouts Full call number Barcode Date last seen Price effective from Koha item type
          NON-FICTION AKMAL Melaka AKMAL Melaka PINJAMAN 28.07.2017 307126   343.595032 MAL 201707461 28.07.2017 28.07.2017 Book
Pusat Sumber Maklumat Dato' Haji Sarmin Md Hussin, Akademi Kastam Diraja Malaysia, Melaka
Tel: 06-2331106 | Faks: 06-2313787